e-Synergy - nástroj pro podporu procesního řízení
Softwarové aplikácie vyvinuté a určené výhradne pre potreby manažmentu kvality. Softwarová aplikácia e-Synergy. Nástup zamestnanca. Plán školenia. Dovolenka. Náhradné voľno, neplatené voľno. Choroba. Služobná cesta. Odchod zamestnanca. Reporting pre účely personalistiky. Doprogramované nadstavby.
Gespeichert in:
| 1. Verfasser: | |
|---|---|
| Format: | Buchkapitel |
| Sprache: | Tschechisch |
| Schlagworte: | |
| Tags: |
Keine Tags, Fügen Sie das erste Tag hinzu!
|
MARC
| LEADER | 00000naa$a2200000$$$4500 | ||
|---|---|---|---|
| 001 | 0032868 | ||
| 005 | 20230524133235.2 | ||
| 041 | 0 | |a cze | |
| 044 | |a CZ | ||
| 245 | 1 | 0 | |a e-Synergy - nástroj pro podporu procesního řízení |c Daniel Dolanský |
| 520 | |a Softwarové aplikácie vyvinuté a určené výhradne pre potreby manažmentu kvality. Softwarová aplikácia e-Synergy. Nástup zamestnanca. Plán školenia. Dovolenka. Náhradné voľno, neplatené voľno. Choroba. Služobná cesta. Odchod zamestnanca. Reporting pre účely personalistiky. Doprogramované nadstavby. | ||
| 610 | 2 | 0 | |a riadenie kvality |
| 610 | 2 | 0 | |a riadenie procesné |
| 610 | 2 | 0 | |a personalistika |
| 610 | 2 | 0 | |a internet |
| 610 | 2 | 0 | |a synergia |
| 610 | 2 | 0 | |a zamestnanci |
| 610 | 2 | 0 | |a reporting |
| 610 | 2 | 0 | |a technológie nové |
| 610 | 2 | 0 | |a softvér |
| 100 | 1 | |a Dolanský, Daniel | |